Introducing Maya 8 : 3D for beginners
3D animation and effects software is the first choice of film and video artists, game developers, and 3D design professionals. Discover how to build, render, and animate your own digital models and scenes, and begin to develop professional-level Maya skills with the latest edition of this popular be...
محفوظ في:
| المؤلف الرئيسي: | |
|---|---|
| التنسيق: | كتاب |
| اللغة: | Undetermined |
| منشور في: |
Indianapolis, IN
Wiley
2006
|
| الموضوعات: | |
| الوسوم: |
إضافة وسم
لا توجد وسوم, كن أول من يضع وسما على هذه التسجيلة!
|
| Thư viện lưu trữ: | Trung tâm Học liệu Trường Đại học Cần Thơ |
|---|
| LEADER | 01820nam a2200229Ia 4500 | ||
|---|---|---|---|
| 001 | CTU_166091 | ||
| 008 | 210402s9999 xx 000 0 und d | ||
| 020 | |c 34.99 | ||
| 082 | |a 006.696 | ||
| 082 | |b D427 | ||
| 100 | |a Derakhshani, Dariush | ||
| 245 | 0 | |a Introducing Maya 8 : | |
| 245 | 0 | |b 3D for beginners | |
| 245 | 0 | |c Dariush Derakhshani | |
| 260 | |a Indianapolis, IN | ||
| 260 | |b Wiley | ||
| 260 | |c 2006 | ||
| 520 | |a 3D animation and effects software is the first choice of film and video artists, game developers, and 3D design professionals. Discover how to build, render, and animate your own digital models and scenes, and begin to develop professional-level Maya skills with the latest edition of this popular bestseller. Starting with the basics, the book builds from the ground up, combining straightforward text with practical examples that make it fun and easy to learn Maya's core features while introducing new Maya 8 elements such as improved polygon tools and enhanced rendering with mental ray. Clear-cut, engaging lessons let you experiment using the wealth of files provided on the CD-ROM. You'll also find an abundance of instructional and inspirational Maya creations in the full-color insert. The accompanying CD-ROMs images, movies, and scene files let you view material from the book right on your own computer. Tackle all-new rendering and dynamics tutorials and much more. | ||
| 650 | |a Computer animation,Hoạt hình máy tính,Computer graphics,Maya ( Computer file ),Three-dimensional display systems,Đồ họa máy tính,Maya (Chương trình máy tính),Hệ thống hiển thị ba chiều | ||
| 904 | |i Ngoc Mai, Đình Thư, Bạch Trúc | ||
| 910 | |a Sách kèm CD số: AVA.001528 | ||
| 980 | |a Trung tâm Học liệu Trường Đại học Cần Thơ | ||